|
|
|
|
| LEADER |
02485nam a2200649 a 4500 |
| 001 |
nkc20071784213 |
| 003 |
CZ PrNK |
| 005 |
20080910075056.0 |
| 007 |
ta |
| 008 |
080111s2007 xr f 000 0 eng |
| 015 |
|
|
|a cnb001784213
|
| 020 |
|
|
|a 978-80-245-1338-6
|q (v knize neuvedeno ;
|q brož.)
|
| 035 |
|
|
|a (OCoLC)228602855
|
| 040 |
|
|
|a ABA001
|b cze
|
| 041 |
0 |
|
|a eng
|b cze
|
| 043 |
|
|
|a e-xr---
|
| 072 |
|
7 |
|a 378
|x Vysoké školy
|2 Konspekt
|9 22
|
| 080 |
|
|
|a 005.35
|2 MRF
|
| 080 |
|
|
|a 502.131.1
|2 MRF
|
| 080 |
|
|
|a 378.6:33
|2 MRF
|
| 080 |
|
|
|a 37.091.3
|2 MRF
|
| 080 |
|
|
|a 378.011.3-052
|2 MRF
|
| 080 |
|
|
|a 316.64
|2 MRF
|
| 080 |
|
|
|a (437.3)
|2 MRF
|
| 080 |
|
|
|a (048.8)
|2 MRF
|
| 100 |
1 |
|
|a Filipová, Alena,
|d 1965-
|7 ola2006345423
|4 aut
|
| 245 |
1 |
0 |
|a Corporate social responsibility in students' awareness :
|b (primary research) /
|c Alena Filipová, Jiří Zeman
|
| 260 |
|
|
|a Praha :
|b Oeconomica,
|c 2007
|
| 300 |
|
|
|a 17 s. ;
|c 26 cm
|
| 490 |
1 |
|
|a Faculty of International Relations Working papers,
|x 1802-6591 ;
|v 15/2007
|
| 500 |
|
|
|a Na obálce název edice: Working papers Fakulty mezinárodních vztahů
|
| 504 |
|
|
|a Obsahuje bibliografii
|
| 546 |
|
|
|a České resumé
|
| 550 |
|
|
|a Vydavatel: Vysoká škola ekonomická v Praze
|
| 610 |
2 |
7 |
|a Vysoká škola ekonomická v Praze
|7 kn20010709403
|2 czenas
|
| 650 |
0 |
7 |
|a společenská odpovědnost firem
|7 ph257195
|2 czenas
|
| 650 |
0 |
7 |
|a udržitelný rozvoj
|7 ph126768
|2 czenas
|
| 650 |
0 |
7 |
|a vysoké ekonomické školy
|7 ph172773
|z Česko
|2 czenas
|
| 650 |
0 |
7 |
|a studium a výuka
|7 ph136700
|2 czenas
|
| 650 |
0 |
7 |
|a vysokoškolští studenti
|7 ph127281
|z Česko
|2 czenas
|
| 650 |
0 |
7 |
|a názory a postoje
|7 ph137634
|2 czenas
|
| 650 |
0 |
9 |
|a corporate social responsibility
|2 eczenas
|
| 650 |
0 |
9 |
|a sustainable development
|2 eczenas
|
| 650 |
0 |
9 |
|a universities of economics
|z Czechia
|2 eczenas
|
| 650 |
0 |
9 |
|a study and teaching
|2 eczenas
|
| 650 |
0 |
9 |
|a college students
|z Czechia
|2 eczenas
|
| 650 |
0 |
9 |
|a views and attitudes
|2 eczenas
|
| 655 |
|
7 |
|a studie
|7 fd133597
|2 czenas
|
| 655 |
|
9 |
|a studies
|2 eczenas
|
| 700 |
1 |
|
|a Zeman, Jiří
|7 ola2006319188
|4 aut
|
| 710 |
2 |
|
|a Vysoká škola ekonomická v Praze
|7 kn20010709403
|
| 810 |
2 |
|
|a Vysoká škola ekonomická v Praze.
|b Fakulta mezinárodních vztahů.
|t Working papers
|0 s
|
| 910 |
2 |
|
|a BOA001
|b 3-1197.351
|
| 990 |
|
|
|a BK
|
| 995 |
|
|
|a 01
|
| 991 |
|
|
|b 200801
|c NOV
|
| 996 |
6 |
|
|b 2610329961
|c 3-1197.351
|l MZK
|r Sklad / do 1 hodiny
|n 5
|p p.v.
|w 000879674
|u 000010
|a 1
|e BOA001
|j MZK50
|s P
|